[Event "ECU-ch (Women)"]
[Site "Quito"]
[Date "2023.06.23"]
[Round "5"]
[White "Zhindon Minchala, Andrea Lisseth"]
[Black "Palacios Gordillo, Camila Estefania"]
[Result "0-1"]
[WhiteElo "1098"]
[BlackElo "1669"]
[PlyCount "36"]
[EventDate "2023.06.21"]
[EventType "swiss"]
[EventRounds "9"]
[EventCountry "ECU"]
[SourceTitle "CBM 215 Extra"]
[Source "ChessBase"]
[SourceDate "2023.09.30"]
[SourceVersion "1"]
[SourceVersionDate "2023.09.30"]
[SourceQuality "1"]

1. c4 c5 2. Nc3 g6 3. d3 Bg7 4. Bd2 Nc6 5. g3 Rb8 6. Bg2 Nf6 7. Nf3 0-0 8. 0-0 a6 9. e4 e5 10. Qc2 b5 11. cxb5 axb5 12. Rac1 b4 13. Ne2 Ba6 14. Be3 Ng4 15. d4 cxd4 16. Bxd4 exd4 17. Qd2 Bh6 18. Ng5 Bxg5 0-1

[Event "ECU-ch (Women)"]
[Site "Quito"]
[Date "2023.06.21"]
[Round "2"]
[White "Ortiz Verdesoto, Anahi Eduarda"]
[Black "Palacios Gordillo, Camila Estefania"]
[Result "1-0"]
[WhiteElo "2169"]
[BlackElo "1669"]
[PlyCount "103"]
[EventDate "2023.06.21"]
[EventType "swiss"]
[EventRounds "9"]
[EventCountry "ECU"]
[SourceTitle "CBM 215 Extra"]
[Source "ChessBase"]
[SourceDate "2023.09.30"]
[SourceVersion "1"]
[SourceVersionDate "2023.09.30"]
[SourceQuality "1"]

1. d4 d5 2. c4 e6 3. Nc3 Be7 4. cxd5 exd5 5. Nf3 c6 6. Bf4 Nf6 7. e3 Bf5 8. Bd3 Bxd3 9. Qxd3 Nbd7 10. 0-0 0-0 11. h3 Re8 12. Rab1 Rc8 13. b4 b5 14. a4 a6 15. a5 Nf8 16. Rfc1 Ng6 17. Be5 Ne4 18. Qc2 f6 19. Bh2 Qd7 20. Nxe4 dxe4 21. Nd2 f5 22. Rb3 Bd6 23. Bxd6 Qxd6 24. Qc5 Qxc5 25. Rxc5 Ne7 26. Re5 g6 27. Rc3 Kf7 28. f3 Nd5 29. Rxe8 Kxe8 30. Rb3 Nf6 31. Kf2 Kd7 32. Rb1 Kd6 33. Nb3 Nd7 34. fxe4 fxe4 35. Nc5 Nxc5 36. dxc5+ Kc7 37. Rd1 Rf8+ 38. Kg3 Rf5 39. h4 Rf7 40. Rd4 Re7 41. Kf4 Rf7+ 42. Kxe4 Rf2 43. Ke5 Rxg2 44. Ke6 h5 45. Rd7+ Kc8 46. Rg7 Re2 47. Rxg6 Rxe3+ 48. Kd6 Kb7 49. Rg7+ Ka8 50. Kxc6 Re6+ 51. Kd5 Rh6 52. c6 1-0

[Event "ECU-ch U18 Girls"]
[Site "Riobamba"]
[Date "2023.04.12"]
[Round "2"]
[White "Palacios Gordillo, Camila Estefania"]
[Black "Zhunio Guaman, Sofia Morelia"]
[Result "1/2-1/2"]
[WhiteElo "1813"]
[BlackElo "1307"]
[PlyCount "76"]
[EventDate "2023.04.12"]
[EventType "swiss"]
[EventRounds "9"]
[EventCountry "ECU"]
[SourceTitle "EXT 2024"]
[Source "ChessBase"]
[SourceDate "2023.10.10"]
[SourceVersion "1"]
[SourceVersionDate "2023.10.10"]
[SourceQuality "1"]

1. d4 Nf6 2. c4 g6 3. Nc3 Bg7 4. e4 d6 5. Be2 0-0 6. Be3 Nbd7 7. Nf3 b6 8. h3 Bb7 9. d5 c5 10. 0-0 a6 11. Qc2 Qc7 12. Rfd1 Ne8 13. Rac1 e6 14. Qd3 Ne5 15. Nxe5 Bxe5 16. f4 Bf6 17. g4 h6 18. Kh2 Kg7 19. Rg1 g5 20. Bd1 gxf4 21. Bxf4 Bg5 22. Qd2 Bxf4+ 23. Qxf4 e5 24. Qf3 Qe7 25. Rc2 Qf6 26. Rf2 Qxf3 27. Rxf3 f6 28. Rgf1 Nc7 29. Na4 b5 30. Nb6 Rad8 31. Be2 Rf7 32. Rb3 b4 33. Rbf3 Na8 34. Nxa8 Rxa8 35. Rd3 a5 36. a4 Ba6 37. Rdf3 Rb8 38. b3 Bc8 1/2-1/2

[Event "Pasto Futuros Maestros-A"]
[Site "Pasto"]
[Date "2023.01.14"]
[Round "3"]
[White "Palacios Gordillo, Camila Estefania"]
[Black "Finley Rosero, Karol Valentina"]
[Result "1-0"]
[WhiteElo "1789"]
[BlackElo "1705"]
[PlyCount "105"]
[EventDate "2023.01.13"]
[EventType "tourn"]
[EventRounds "7"]
[EventCountry "COL"]
[SourceTitle "CBM 212 Extra"]
[Source "ChessBase"]
[SourceDate "2023.03.31"]
[SourceVersion "1"]
[SourceVersionDate "2023.03.31"]
[SourceQuality "1"]

1. d4 Nf6 2. c4 c5 3. d5 b5 4. Nd2 e6 5. e4 d6 6. dxe6 fxe6 7. e5 dxe5 8. Qf3 Qc7 9. Qxa8 Nc6 10. cxb5 Nd4 11. b6 axb6 12. Ba6 Nc2+ 13. Kd1 Nxa1 14. Qxc8+ Qxc8 15. Bxc8 Ng4 16. Nh3 Ke7 17. b3 g6 18. Bb2 Bh6 19. Ba6 Rd8 20. Bc3 Ra8 21. Be2 Nf6 22. a4 Rd8 23. Bxa1 Rxd2+ 24. Ke1 Rc2 25. Bd1 Bd2+ 26. Kf1 Rc1 27. Ke2 Rxa1 28. Kxd2 Ne4+ 29. Kd3 Nf6 30. Kc2 Ra2+ 31. Kd3 e4+ 32. Ke3 Ra1 33. Nf4 e5 34. Nh3 Nd5+ 35. Kd2 Ra2+ 36. Bc2 Nb4 37. Rc1 Nd3 38. Ng5 Nxc1 39. Kxc1 Ra1+ 40. Kd2 Rh1 41. h3 Rh2 42. Bxe4 h6 43. Nf3 Rxg2 44. Ke2 Rg5 45. Nxg5 hxg5 46. Bxg6 Kf6 47. Bd3 Kg7 48. Ke3 Kh6 49. Ke4 Kh5 50. Kxe5 Kh4 51. Bf1 g4 52. hxg4 Kxg4 53. f4 1-0

[Event "Ibague op"]
[Site "Ibague"]
[Date "2022.10.07"]
[Round "6"]
[White "Palacios Gordillo, Camila Estefania"]
[Black "Lopez Ramirez, Jorge Hernan"]
[Result "0-1"]
[WhiteElo "1591"]
[BlackElo "1866"]
[PlyCount "58"]
[EventDate "2022.10.05"]
[EventType "swiss"]
[EventRounds "10"]
[EventCountry "COL"]
[SourceTitle "CBM 210 Extra"]
[Source "ChessBase"]
[SourceDate "2022.11.30"]
[SourceVersion "1"]
[SourceVersionDate "2022.11.30"]
[SourceQuality "1"]

1. d4 Nf6 2. c4 g6 3. Nc3 d5 4. cxd5 Nxd5 5. e4 Nxc3 6. bxc3 Bg7 7. Bc4 c5 8. Be3 Nc6 9. Ne2 0-0 10. 0-0 Qc7 11. Bb3 Rd8 12. Qc2 b6 13. Rfd1 Ba6 14. dxc5 bxc5 15. Bxc5 Na5 16. Bb4 Nxb3 17. axb3 Bxe2 18. Qxe2 a5 19. Rxd8+ Qxd8 20. Qa2 Qd3 21. f3 Ra6 22. Qa4 Bxc3 23. Bxc3 Qxc3 24. h3 Rd6 25. Ra2 Rd1+ 26. Kh2 Qc7+ 27. g3 Qc5 28. Rg2 Qc1 29. g4 Qf4+ 0-1

[Event "Ibague op"]
[Site "Ibague"]
[Date "2022.10.06"]
[Round "3"]
[White "Corredor Rengifo, Luis Fernando"]
[Black "Palacios Gordillo, Camila Estefania"]
[Result "1-0"]
[WhiteElo "2137"]
[BlackElo "1591"]
[PlyCount "75"]
[EventDate "2022.10.05"]
[EventType "swiss"]
[EventRounds "10"]
[EventCountry "COL"]
[SourceTitle "CBM 210 Extra"]
[Source "ChessBase"]
[SourceDate "2022.11.30"]
[SourceVersion "1"]
[SourceVersionDate "2022.11.30"]
[SourceQuality "1"]

1. d4 d5 2. c4 e6 3. Nc3 Be7 4. Nf3 Nf6 5. g4 h6 6. Qc2 c6 7. Rg1 dxc4 8. a4 c5 9. dxc5 Bxc5 10. g5 Nd5 11. Ne4 Bb4+ 12. Bd2 Bxd2+ 13. Nfxd2 c3 14. bxc3 h5 15. e3 Qc7 16. c4 Ne7 17. c5 Nf5 18. Nc4 Nc6 19. Ned6+ Nxd6 20. cxd6 Qd8 21. Rd1 0-0 22. g6 Bd7 23. gxf7+ Rxf7 24. Qg6 Qf6 25. Qxf6 Rxf6 26. f4 Rd8 27. Bh3 Nb8 28. Rb1 b6 29. a5 b5 30. Ne5 Be8 31. Rd1 Bd7 32. Rg5 Rh6 33. Rc1 b4 34. Rc7 a6 35. Kd2 Rf6 36. Kc1 Rf7 37. Kb2 Be8 38. Bxe6 1-0

[Event "Pan American-ch U20 Girls"]
[Site "Pereira"]
[Date "2022.08.26"]
[Round "7"]
[White "Escobar Villota, Domenika Gabriela"]
[Black "Palacios Gordillo, Camila Estefania"]
[Result "1/2-1/2"]
[WhiteElo "1520"]
[BlackElo "1583"]
[PlyCount "57"]
[EventDate "2022.08.23"]
[EventType "swiss"]
[EventRounds "9"]
[EventCountry "COL"]
[SourceTitle "CBM 210 Extra"]
[Source "ChessBase"]
[SourceDate "2022.11.30"]
[SourceVersion "1"]
[SourceVersionDate "2022.11.30"]
[SourceQuality "1"]

1. e4 c5 2. Nf3 d6 3. d4 cxd4 4. Qxd4 Nc6 5. Bb5 Bd7 6. Bxc6 Bxc6 7. Nc3 Nf6 8. Bg5 Qc7 9. 0-0-0 b6 10. Kb1 0-0-0 11. Bxf6 gxf6 12. Nd5 Qb7 13. Rhe1 Rg8 14. g3 Kb8 15. Rd3 Bg7 16. Qc4 Rc8 17. Nb4 Be8 18. Qb3 Bb5 19. Rdd1 Bc4 20. Qe3 Be6 21. Nd4 Rc5 22. Nxe6 fxe6 23. Qb3 Re5 24. f3 Qc8 25. Qa4 Kb7 26. Qa6+ Kb8 27. Qa4 Kb7 28. Qa6+ Kb8 29. Qa4 1/2-1/2

[Event "Pasto Narino Cup"]
[Site "Pasto"]
[Date "2022.07.24"]
[Round "5"]
[White "Montenegro Hernandez, Juan Camilo"]
[Black "Palacios Gordillo, Camila Estefania"]
[Result "0-1"]
[WhiteElo "1595"]
[BlackElo "1457"]
[PlyCount "112"]
[EventDate "2022.07.23"]
[EventType "swiss"]
[EventRounds "6"]
[EventCountry "COL"]
[SourceTitle "CBM 209 Extra"]
[Source "ChessBase"]
[SourceDate "2022.09.30"]
[SourceVersion "1"]
[SourceVersionDate "2022.09.30"]
[SourceQuality "1"]

1. e4 c5 2. Nc3 d6 3. f4 Nc6 4. Nf3 Nf6 5. Bc4 e6 6. d3 d5 7. exd5 exd5 8. Bb5 Bd7 9. 0-0 d4 10. Re1+ Be7 11. Ne4 0-0 12. a3 Qc7 13. Nxf6+ Bxf6 14. Bd2 a6 15. Bc4 Rfe8 16. Rxe8+ Rxe8 17. Qf1 Qd8 18. Re1 Re7 19. Rxe7 Qxe7 20. Qe1 Qxe1+ 21. Bxe1 Be6 22. Bxe6 fxe6 23. Kf2 Kf7 24. Nd2 b5 25. Ne4 c4 26. dxc4 bxc4 27. Nd6+ Kg6 28. Nxc4 e5 29. fxe5 Bxe5 30. g3 Kf5 31. b3 g5 32. Na5 Nxa5 33. Bxa5 Ke4 34. Ke2 h5 35. Bd8 g4 36. Be7 Bc7 37. b4 a5 38. b5 a4 39. Bc5 Bb8 40. b6 Kd5 41. Be7 Kc6 42. Bd8 Bd6 43. Kd3 Bxa3 44. Kxd4 Bc5+ 45. Kc4 Bg1 46. Bc7 Bxh2 47. Kb4 Kb7 48. Kxa4 h4 49. Kb5 Bxg3 50. Bxg3 hxg3 51. c4 g2 52. c5 g1Q 53. c6+ Kb8 54. c7+ Kc8 55. Kc6 Qxb6+ 56. Kxb6 g3 0-1

[Event "Las Americas op U2400 Hybrid"]
[Site "Internet"]
[Date "2022.06.04"]
[Round "3.15"]
[White "Hernandez Elizondo, Carlos"]
[Black "Palacios Gordillo, Camila Estefania"]
[Result "1-0"]
[WhiteElo "2044"]
[BlackElo "1489"]
[PlyCount "85"]
[EventDate "2022.06.04"]
[EventType "swiss"]
[EventRounds "6"]
[EventCountry "VEN"]
[SourceTitle "EXT 2024"]
[Source "ChessBase"]
[SourceDate "2023.10.10"]
[SourceVersion "1"]
[SourceVersionDate "2023.10.10"]
[SourceQuality "1"]

1. e4 e5 2. Nf3 Nc6 3. Bb5 Nf6 4. 0-0 Bc5 5. c3 0-0 6. d4 exd4 7. cxd4 Bb6 8. e5 Ne4 9. d5 Ne7 10. d6 cxd6 11. exd6 Nf5 12. Bf4 Qf6 13. Nc3 Nfxd6 14. Be5 Qh6 15. Bd3 Nxc3 16. bxc3 Ne8 17. Re1 d6 18. Bd4 Bxd4 19. Nxd4 Nf6 20. Qf3 Ng4 21. Qg3 Bd7 22. Re7 Ne5 23. Re1 Qf6 24. Rxd7 Nxd7 25. Qh3 Qh6 26. Qxd7 Qd2 27. Re3 Rac8 28. Nf3 Qc1+ 29. Bf1 Rxc3 30. Re8 Rc8 31. Re7 Qd1 32. Rxf7 Rxf7 33. Qxc8+ Rf8 34. Qxb7 Qa4 35. Qd5+ Kh8 36. Qxd6 Rc8 37. h4 Qxa2 38. h5 Qf7 39. h6 Qc7 40. Qd4 Kg8 41. Bc4+ Kh8 42. Ng5 Rf8 43. Ne6 1-0

[Event "ECU-ch (Women)"]
[Site "Salinas"]
[Date "2021.12.16"]
[Round "2"]
[White "Palacios Gordillo, Camila Estefania"]
[Black "Guerrero Caicedo, Arlette Sabina"]
[Result "1-0"]
[WhiteElo "1244"]
[BlackElo "1472"]
[PlyCount "69"]
[EventDate "2021.12.16"]
[EventType "swiss"]
[EventRounds "7"]
[EventCountry "ECU"]
[SourceTitle "EXT 2023"]
[Source "ChessBase"]
[SourceDate "2022.10.05"]
[SourceVersion "1"]
[SourceVersionDate "2022.10.05"]
[SourceQuality "1"]

1. e4 c5 2. Nf3 Nc6 3. d4 cxd4 4. Nxd4 g6 5. Be3 Bg7 6. f3 Qb6 7. Nf5 Qxb2 8. Nxg7+ Qxg7 9. c3 Qe5 10. Be2 Nf6 11. Qd2 d5 12. Bd4 Nxd4 13. cxd4 Qc7 14. e5 Nd7 15. Nc3 Nb6 16. Rc1 Qd8 17. Nb5 0-0 18. g4 Kg7 19. h4 h6 20. h5 Rh8 21. Nc7 Rb8 22. Qa5 Nc4 23. Bxc4 dxc4 24. Rxc4 b6 25. Qc3 Bb7 26. hxg6 Kxg6 27. Qd3+ Kg7 28. d5 Rc8 29. d6 exd6 30. exd6 Qf6 31. 0-0 Qh4 32. Qd4+ Kg8 33. Qe5 Ba6 34. Ne8 Bxc4 35. Qg7# 1-0